NBA Players by Picture - Cameroon - Statistics

General Stats
  • This quiz has been taken 26 times
  • The average score is 2 of 7
Answer Stats
Picture Answer % Correct
Pascal Siakam
100%
Yves Missi
67%
Luc Mbah a Moute
33%
Christian Koloko
13%
Ulrich Chomche
13%
D.J. Strawberry
0%
Ruben Boumtje-Boumtje
0%
No matching quizzes found
Score Distribution
Percent of People with Each Score
Percentile by Number Answered
Your Score History
You have not taken this quiz